[Event "BL2 West 2122 (Women)"]
[Site "Germany"]
[Date "2021.11.28"]
[Round "2.3"]
[White "Michalek, Barbara"]
[Black "Trunz, Michelle"]
[Result "1/2-1/2"]
[WhiteElo "1895"]
[BlackElo "1673"]
[PlyCount "97"]
[EventDate "2021.11.27"]
[EventType "team-tourn"]
[EventRounds "7"]
[EventCountry "GER"]
[SourceTitle "EXT 2023"]
[Source "ChessBase"]
[SourceDate "2022.10.05"]
[SourceVersion "1"]
[SourceVersionDate "2022.10.05"]
[SourceQuality "1"]
[WhiteTeam "Lehrte (W) II"]
[BlackTeam "Godesberg (W)"]
[WhiteTeamCountry "GER"]
[BlackTeamCountry "GER"]

1. d4 f5 2. c4 Nf6 3. Nf3 e6 4. Nc3 c6 5. e3 d5 6. Be2 Bd6 7. Ne5 0-0 8. f4 b6 9. 0-0 Bb7 10. cxd5 exd5 11. h3 Ne4 12. Nxe4 fxe4 13. Qe1 Qe7 14. Bd2 c5 15. Bc3 Nc6 16. Nxc6 Bxc6 17. Qf2 c4 18. g4 g5 19. f5 Rf6 20. Qg2 Raf8 21. Be1 Qc7 22. h4 h6 23. Qh3 Qg7 24. h5 Qc7 25. Kg2 b5 26. Bg3 Bxg3 27. Qxg3 Qxg3+ 28. Kxg3 a5 29. Rfc1 Rb8 30. Kf2 b4 31. Ke1 Kf7 32. Bd1 Rd6 33. Rc2 Ba4 34. b3 Bb5 35. a4 Ba6 36. Rac1 c3 37. Be2 Bd3 38. Ra2 Rc6 39. Bd1 Rbc8 40. Bc2 R8c7 41. Kf2 Ke8 42. Rg1 Ba6 43. Ke1 Rf6 44. Ra1 Rcf7 45. Rc1 Bc8 46. Rf1 Rb6 47. Rf2 Ke7 48. Kf1 Kf6 49. Kg2 1/2-1/2

[Event "BL 1314 (Women)"]
[Site "Germany"]
[Date "2014.01.26"]
[Round "5.6"]
[White "Michalek, Barbara"]
[Black "Rogozenco, Teodora Nana"]
[Result "0-1"]
[WhiteElo "1942"]
[BlackElo "1884"]
[PlyCount "104"]
[EventDate "2013.10.04"]
[EventType "team-tourn"]
[EventRounds "11"]
[EventCountry "GER"]
[SourceTitle "EXT 2018"]
[Source "ChessBase"]
[SourceDate "2017.10.13"]
[SourceVersion "1"]
[SourceVersionDate "2017.10.13"]
[SourceQuality "1"]
[WhiteTeam "Lehrte (W)"]
[BlackTeam "Hamburger SK (W)"]
[WhiteTeamCountry "GER"]
[BlackTeamCountry "GER"]

1. d4 d6 2. c4 e5 3. e3 Nd7 4. Nc3 Ngf6 5. Bd3 Be7 6. Nge2 0-0 7. 0-0 Re8 8. Bd2 c6 9. f4 exd4 10. exd4 Bf8 11. h3 d5 12. cxd5 Nxd5 13. Nxd5 cxd5 14. Ng3 Nf6 15. Qf3 Qb6 16. Bc3 Bd7 17. Rfe1 Rad8 18. f5 Bb5 19. Bc2 Bd6 20. Nh5 Bb8 21. Nxf6+ Qxf6 22. Qf2 Qd6 23. g4 Qg3+ 24. Qg2 Re3 25. Rxe3 Qxe3+ 26. Kh1 Re8 27. Rg1 Bd3 28. Bxd3 Qxd3 29. Re1 Rxe1+ 30. Bxe1 Qxd4 31. Qe2 Qe5 32. Qxe5 Bxe5 33. b3 g6 34. fxg6 fxg6 35. Kg2 Kf7 36. Kf3 Ke6 37. Ke3 a6 38. Kd3 Kd7 39. a4 Kc6 40. Bf2 Kd7 41. Be1 Kc6 42. Bf2 b5 43. Be3 Bd6 44. axb5+ Kxb5 45. Bd2 Bc5 46. Be1 Kc6 47. Bd2 Kd7 48. Bc3 Ke6 49. Bh8 Be7 50. Kd4 h5 51. Bg7 Bg5 52. b4 Be7 0-1

[Event "BL2 Nord 1011 (Women)"]
[Site "Germany"]
[Date "2010.12.05"]
[Round "4.4"]
[White "Michalek, Barbara"]
[Black "Lennartz, Christina"]
[Result "1/2-1/2"]
[WhiteElo "1968"]
[BlackElo "1823"]
[PlyCount "88"]
[EventDate "2010.11.06"]
[EventType "team-tourn"]
[EventRounds "7"]
[EventCountry "GER"]
[SourceTitle "EXT 2012"]
[Source "ChessBase"]
[SourceDate "2011.11.24"]
[SourceVersion "1"]
[SourceVersionDate "2011.11.24"]
[SourceQuality "1"]
[WhiteTeam "Lehrte (W)"]
[BlackTeam "Steinfurt (W)"]
[WhiteTeamCountry "GER"]
[BlackTeamCountry "GER"]

1. d4 Nf6 2. c4 d5 3. Nc3 c6 4. e3 g6 5. Nf3 Bg7 6. Be2 0-0 7. 0-0 Nbd7 8. Qc2 a6 9. a4 Re8 10. Rd1 dxc4 11. Bxc4 Nb6 12. Be2 Nbd5 13. e4 Nxc3 14. bxc3 Qb6 15. Ne5 Be6 16. Rb1 Qc7 17. Bf3 Nd7 18. Nd3 f6 19. Qb2 b5 20. d5 cxd5 21. exd5 Bf5 22. Qd2 Rac8 23. axb5 axb5 24. Rxb5 Qxc3 25. Nb4 Qxd2 26. Bxd2 Ne5 27. Be2 Bd7 28. Rb7 Bf5 29. f4 Nc4 30. Nc6 Nd6 31. Rxe7 Bc2 32. Rc1 Bb3 33. Bf3 Nf5 34. Rb7 Ba4 35. Rc4 Bxc6 36. dxc6 Nd6 37. Bd5+ Kh8 38. Ra4 Re2 39. Rb2 f5 40. Rc2 Nb5 41. Bf3 Bd4+ 42. Kh1 Rf2 43. h3 Rf1+ 44. Kh2 Bg1+ 1/2-1/2

[Event "BL2 Nord 1011 (Women)"]
[Site "Germany"]
[Date "2010.11.06"]
[Round "1.5"]
[White "Michalek, Barbara"]
[Black "Franzenburg, Maria"]
[Result "1-0"]
[WhiteElo "1968"]
[BlackElo "1871"]
[PlyCount "69"]
[EventDate "2010.11.06"]
[EventType "team-tourn"]
[EventRounds "7"]
[EventCountry "GER"]
[SourceTitle "EXT 2012"]
[Source "ChessBase"]
[SourceDate "2011.11.24"]
[SourceVersion "1"]
[SourceVersionDate "2011.11.24"]
[SourceQuality "1"]
[WhiteTeam "Lehrte (W)"]
[BlackTeam "Kiel Doppelbauer (W)"]
[WhiteTeamCountry "GER"]
[BlackTeamCountry "GER"]

1. d4 f5 2. c4 g6 3. Nc3 Nf6 4. e3 Bg7 5. Nf3 d6 6. Bd3 0-0 7. 0-0 Qe8 8. d5 e5 9. dxe6 Bxe6 10. Qb3 Na6 11. Nb5 Qe7 12. Nbd4 Nc5 13. Qd1 Nxd3 14. Qxd3 Ne4 15. Nxe6 Qxe6 16. Nd4 Qe7 17. f3 Nc5 18. Qc2 f4 19. Qd2 Qf7 20. e4 Qxc4 21. Ne2 Nd3 22. h3 g5 23. Kh2 h5 24. b3 Qb5 25. Rb1 Ne5 26. Bb2 Kh7 27. Nd4 Qd7 28. Nf5 Bh8 29. Rbc1 Rad8 30. Qc2 Rf7 31. Rcd1 g4 32. fxg4 hxg4 33. Rxf4 gxh3 34. Rh4+ Kg6 35. Rh6+ 1-0

[Event "BL 0910 (Women)"]
[Site "Germany"]
[Date "2009.11.07"]
[Round "1.6"]
[White "Michalek, Barbara"]
[Black "Hippe, Franziska"]
[Result "1-0"]
[WhiteElo "1963"]
[BlackElo "1950"]
[PlyCount "61"]
[EventDate "2009.11.07"]
[EventType "team-tourn"]
[EventRounds "11"]
[EventCountry "GER"]
[SourceTitle "CBM 133 Extra"]
[Source "ChessBase"]
[SourceDate "2010.01.05"]
[SourceVersion "1"]
[SourceVersionDate "2010.01.05"]
[SourceQuality "1"]
[WhiteTeam "Lehrte (W)"]
[BlackTeam "Torgelow (W)"]
[WhiteTeamCountry "GER"]
[BlackTeamCountry "GER"]

1. d4 Nf6 2. c4 c5 3. Nf3 cxd4 4. Nxd4 Nc6 5. e3 g6 6. Nc3 Bg7 7. Be2 d6 8. 0-0 0-0 9. a3 a5 10. b3 Ne5 11. Rb1 Neg4 12. h3 Nh6 13. g4 e5 14. Ndb5 Ne8 15. e4 Qh4 16. Qd3 f5 17. Qg3 Qd8 18. gxf5 Nxf5 19. exf5 Bxf5 20. Bd3 e4 21. Nxe4 Be5 22. f4 Bg7 23. Ng5 Qb6+ 24. Be3 Qc6 25. Bxf5 Rxf5 26. Ne6 Qd7 27. Nxg7 Nxg7 28. Nd4 Rh5 29. Rf3 Re8 30. Rbf1 d5 31. f5 1-0

[Event "BL2 West 0809 (Women)"]
[Site "Germany"]
[Date "2008.12.06"]
[Round "3.2"]
[White "Huppertz, Andrea"]
[Black "Michalek, Barbara"]
[Result "1/2-1/2"]
[WhiteElo "1842"]
[BlackElo "2004"]
[PlyCount "46"]
[EventDate "2008.11.08"]
[EventType "team-tourn"]
[EventRounds "7"]
[EventCountry "GER"]
[SourceTitle "EXT 2010"]
[Source "ChessBase"]
[SourceDate "2010.11.25"]
[SourceVersion "1"]
[SourceVersionDate "2010.11.25"]
[SourceQuality "1"]
[WhiteTeam "Erftstadt SV (W)"]
[BlackTeam "Lehrte (W) II"]
[WhiteTeamCountry "GER"]
[BlackTeamCountry "GER"]

1. d4 Nf6 2. Nf3 g6 3. Bf4 Bg7 4. e3 d6 5. h3 Nbd7 6. Be2 c5 7. 0-0 0-0 8. c3 b6 9. Nbd2 Bb7 10. Qb1 Qc7 11. a4 a6 12. Rc1 Rac8 13. Bh2 Qc6 14. b4 cxb4 15. cxb4 Qxc1+ 16. Qxc1 Rxc1+ 17. Rxc1 Rc8 18. Rxc8+ Bxc8 19. b5 a5 20. e4 Bb7 21. Bd3 Ne8 22. Bc4 e6 23. e5 d5 1/2-1/2

[Event "GER-chT Federal Cup (Women)"]
[Site "Braunfels"]
[Date "2006.05.06"]
[Round "4"]
[White "Michalek, Barbara"]
[Black "Rieder, Anita"]
[Result "0-1"]
[WhiteElo "1889"]
[BlackElo "2059"]
[PlyCount "106"]
[EventDate "2006.05.04"]
[EventType "team-swiss"]
[EventRounds "5"]
[EventCountry "GER"]
[SourceTitle "EXT 2010"]
[Source "ChessBase"]
[SourceDate "2010.11.25"]
[SourceVersion "1"]
[SourceVersionDate "2010.11.25"]
[SourceQuality "1"]

1. d4 d5 2. c4 e6 3. Nc3 Nf6 4. Nf3 Nbd7 5. Bf4 c6 6. e3 Qa5 7. Qb3 Ne4 8. Rc1 Ndf6 9. Bd3 dxc4 10. Qxc4 Nxc3 11. bxc3 Nd5 12. 0-0 Nxf4 13. exf4 Bd6 14. g3 0-0 15. Ng5 h6 16. Ne4 Be7 17. Be2 Bd7 18. Bf3 c5 19. Qb3 Bc6 20. dxc5 Bxc5 21. c4 Be7 22. Bg2 Rfd8 23. Nc3 Bxg2 24. Kxg2 Qc7 25. Rfd1 Rxd1 26. Nxd1 Qc6+ 27. Qf3 Rc8 28. Rc2 Rc7 29. Qxc6 Rxc6 30. Kf3 b5 31. Ne3 b4 32. Ke4 f5+ 33. Kd3 a5 34. Rc1 Kf7 35. c5 Bxc5 36. Nc4 Ke7 37. Nxa5 Rd6+ 38. Ke2 Bb6 39. Nc6+ Kf6 40. Nxb4 Ba5 41. Nd3 g5 42. Rc2 Rd4 43. f3 Ra4 44. Nc5 Ra3 45. fxg5+ hxg5 46. Nb3 Bb6 47. Kd3 Ra4 48. Re2 e5 49. Kc3 g4 50. fxg4 Rxg4 51. Nc1 f4 52. gxf4 exf4 53. Re1 Ba5+ 0-1

[Event "GER-chT Federal Cup (Women)"]
[Site "Braunfels"]
[Date "2006.05.05"]
[Round "2"]
[White "Michalek, Barbara"]
[Black "Rubina, Tatiana"]
[Result "1/2-1/2"]
[WhiteElo "1889"]
[BlackElo "2125"]
[PlyCount "126"]
[EventDate "2006.05.04"]
[EventType "team-swiss"]
[EventRounds "5"]
[EventCountry "GER"]
[SourceTitle "EXT 2010"]
[Source "ChessBase"]
[SourceDate "2010.11.25"]
[SourceVersion "1"]
[SourceVersionDate "2010.11.25"]
[SourceQuality "1"]

1. d4 d5 2. c4 e6 3. Nc3 Be7 4. Nf3 Nf6 5. e3 0-0 6. Bd3 b6 7. 0-0 Bb7 8. cxd5 exd5 9. Ne5 c5 10. f3 Re8 11. Bb5 Rf8 12. Re1 Bd6 13. f4 a6 14. Be2 Nc6 15. Nxc6 Bxc6 16. Bf3 Re8 17. Bd2 Qb8 18. g3 Ra7 19. Qc2 Rae7 20. Qd3 Qb7 21. Qf1 b5 22. a3 Qb6 23. Qf2 a5 24. Kg2 b4 25. axb4 axb4 26. Na4 Bxa4 27. Rxa4 Ne4 28. Bxe4 Rxe4 29. Raa1 Qb5 30. Qf1 Qxf1+ 31. Kxf1 Kf8 32. Ra6 Rd8 33. dxc5 Bxc5 34. Rc6 Be7 35. Re2 Bf6 36. Rb6 Be7 37. Re1 Ke8 38. Rc1 Ra8 39. Rb5 Ra2 40. Rxd5 Bf6 41. b3 Bc3 42. Bxc3 bxc3 43. Rxc3 Rxh2 44. Rcd3 Rb4 45. R5d4 Rb8 46. Re4+ Kf8 47. Kg1 Rb2 48. Rd7 Ra8 49. Rd1 Rxb3 50. Kf2 g6 51. Rd2 h5 52. Rc4 Raa3 53. Re2 Kg7 54. Rc1 Kf6 55. Rc5 Rd3 56. Re5 Rdb3 57. Kf3 Rb1 58. g4 hxg4+ 59. Kxg4 Rg1+ 60. Kf3 g5 61. Rxg5 Rxg5 62. fxg5+ Kxg5 63. Rg2+ Kf5 1/2-1/2

[Event "Halle-chT (Women)"]
[Site "Halle"]
[Date "2005.04.17"]
[Round "5.6"]
[White "Lange, Corinna"]
[Black "Michalek, Barbara"]
[Result "0-1"]
[WhiteElo "2065"]
[BlackElo "1894"]
[PlyCount "117"]
[EventDate "2005.04.14"]
[EventType "team-tourn"]
[EventRounds "5"]
[EventCountry "GER"]
[SourceTitle "CBM 105 Extra"]
[Source "ChessBase"]
[SourceDate "2005.05.01"]
[SourceVersion "1"]
[SourceVersionDate "2005.05.01"]
[SourceQuality "1"]

1. e4 c5 2. Nf3 Nc6 3. d4 cxd4 4. Nxd4 e6 5. Nc3 a6 6. Be2 Qc7 7. 0-0 Nf6 8. a3 Bc5 9. Be3 Ba7 10. Qd2 0-0 11. Nb3 Bxe3 12. Qxe3 d5 13. Rad1 dxe4 14. Nxe4 Nxe4 15. Qxe4 e5 16. f4 f5 17. Qd5+ Kh8 18. fxe5 Nxe5 19. Qd6 Qxd6 20. Rxd6 b5 21. Nc5 g6 22. Rfd1 Nf7 23. Rb6 Ra7 24. c4 bxc4 25. Bxc4 a5 26. Bxf7 Raxf7 27. Rb8 Ra7 28. Rd6 Kg8 29. b4 axb4 30. axb4 Rc7 31. Rd5 Kf7 32. b5 Re8 33. b6 Rce7 34. Rd1 Be6 35. Rxe8 Rxe8 36. Nxe6 Rxe6 37. Rb1 Re8 38. Kf2 Rb8 39. Ke3 Ke6 40. Kd4 Kd6 41. b7 g5 42. Rb6+ Kc7 43. Rh6 Kxb7 44. Rxh7+ Kc6 45. Rh5 Kd6 46. Rxg5 Rb4+ 47. Kc3 Rf4 48. Kd3 Ke5 49. g3 Ra4 50. h4 Kf6 51. Ke3 Rb4 52. Rg8 Kf7 53. Rc8 Kf6 54. Rc6+ Ke5 55. Rc5+ Kf6 56. Rd5 Ke6 57. Rd4 Rb8 58. Kf4 Rg8 59. Ra4 0-1

[Event "Halle-chT (Women)"]
[Site "Halle"]
[Date "2005.04.16"]
[Round "4.6"]
[White "Michalek, Barbara"]
[Black "Zehner, Birte"]
[Result "1/2-1/2"]
[WhiteElo "1894"]
[BlackElo "1579"]
[PlyCount "80"]
[EventDate "2005.04.14"]
[EventType "team-tourn"]
[EventRounds "5"]
[EventCountry "GER"]
[SourceTitle "CBM 105 Extra"]
[Source "ChessBase"]
[SourceDate "2005.05.01"]
[SourceVersion "1"]
[SourceVersionDate "2005.05.01"]
[SourceQuality "1"]

1. d4 d5 2. c4 c6 3. e3 Nf6 4. Nc3 e6 5. Nf3 Nbd7 6. a3 a5 7. Bd2 Be7 8. b3 b6 9. Be2 0-0 10. Qc2 h6 11. 0-0 Bb7 12. Rfb1 c5 13. Ne5 Nxe5 14. dxe5 Ne4 15. Nxe4 dxe4 16. Bc3 Qc7 17. Bg4 Rfd8 18. Rd1 Rxd1+ 19. Rxd1 Rd8 20. Kf1 Bg5 21. g3 g6 22. Rd2 Rxd2 23. Qxd2 Qd8 24. b4 Qxd2 25. Bxd2 axb4 26. axb4 Be7 27. bxc5 Bxc5 28. Bc3 Kf8 29. Ke1 Ke7 30. Kd2 Kd7 31. Kc2 Kc7 32. Kb3 Ba6 33. Bb4 Bb7 34. Kc3 Bc6 35. Kb3 Bb7 36. Ka3 Bc6 37. Bd1 Kb7 38. Bxc5 bxc5 39. Ba4 Bxa4 40. Kxa4 Ka6 1/2-1/2

[Event "Halle-chT (Women)"]
[Site "Halle"]
[Date "2005.04.15"]
[Round "2.6"]
[White "Michalek, Barbara"]
[Black "Kimpel, Janine"]
[Result "1-0"]
[WhiteElo "1894"]
[BlackElo "1731"]
[PlyCount "77"]
[EventDate "2005.04.14"]
[EventType "team-tourn"]
[EventRounds "5"]
[EventCountry "GER"]
[SourceTitle "CBM 105 Extra"]
[Source "ChessBase"]
[SourceDate "2005.05.01"]
[SourceVersion "1"]
[SourceVersionDate "2005.05.01"]
[SourceQuality "1"]

1. d4 d5 2. c4 e6 3. Nc3 Nf6 4. Nf3 Nbd7 5. Bg5 Be7 6. e3 0-0 7. Be2 c6 8. 0-0 b6 9. a3 Bb7 10. b4 c5 11. cxd5 Nxd5 12. Bxe7 Qxe7 13. Nxd5 Bxd5 14. dxc5 bxc5 15. b5 Rfd8 16. Qc2 Rac8 17. e4 Ba8 18. Rfe1 Nf6 19. Bc4 Ne8 20. Re3 Nd6 21. Rae1 Rc7 22. a4 Kh8 23. h3 Bb7 24. g4 e5 25. a5 Bc8 26. Rb1 Bd7 27. b6 axb6 28. axb6 Rcc8 29. b7 Rb8 30. Bd5 Nb5 31. Rc1 Nd4 32. Qxc5 Qf6 33. Nxd4 exd4 34. Rd3 Qf4 35. Qc7 Qg5 36. Rb1 h5 37. Qg3 hxg4 38. hxg4 Bxg4 39. f3 1-0